000
00312nam a2200145Ia 4500
100
_a
Sethna/ G.T.
650
_a
Electrical Engineering
942
_c
BK
654
_a
Television
245
_a
Television fault finding
260
_b
G.T.Sethna
_a
Bombay
082
_a
621.38
300
_a
85
546
_a
ENGLISH
999
_c
24498
_d
24498